Feasibility of a monitoring programme for the Guiana shield initiative / (Registro nro. 9057)

Detalles MARC
000 -CABECERA
Campo de control 00748nam a22002057a 4500
005 - FECHA Y HORA DE LA ULTIMA TRANSACCION
Campo de control 20180213144602.0
008 - ELEMENTOS DE LONGITUD FIJA—INFORMACION GENERAL
Campo de control 150206b2004 ne ||||| |||| 00| 0 spa d
020 ## - ISBN
ISBN 9075909136
040 ## - FUENTE DE CATALOGACIÓN
Agencia catalogadora original Co-BoIAVH
Agencia transcriptora Co-BoIAVH
041 ## - IDIOMA
Código de idioma para texto/pista de sonido o título separado Inglés
082 04 - NUMERO DE CLASIFICACION DECIMAL DEWEY
Número de clasificación 363.7063
Número del ítem S39f
100 1# - ASIENTO PRINCIPAL--NOMBRE PERSONAL
Nombre personal Schut, V.T.
9 (RLIN) 32778
242 10 - TRADUCCION DEL TITULO POR LA AGENCIA CATALOGADORA
Título Viabilidad de un programa de monitoreo para la iniciativa Escudo Guayanés
245 10 - MENCION DE TITULO
Título Feasibility of a monitoring programme for the Guiana shield initiative /
260 ## - PUBLICACION, DISTRIBUCION, ETC. (PIE DE IMPRENTA)
Lugar de publicación, distribución, etc. Amsterdam:
Nombre del editor, distribuidor, etc. IUCN National Committee of The Netherlands;
Fecha de publicación, distribución, etc. 2004.
300 ## - DESCRIPCION FISICA
Extensión 40 páginas,
Otros detalles físicos ilustraciones,
Dimensiones 24 cm.
650 #6 - ASIENTO SECUNDARIO DE MATERIA - TERMINO TEMATICO
Término temático o nombre geográfico como elemento de entrada Monitoreo ambiental
Subdivisión geográfica Escudo Guayanés
9 (RLIN) 89731
856 ## - LOCALIZACION Y ACCESO ELECTRONICOS
Identificador Uniforme del Recurso https://portals.iucn.org/library/node/8389
942 ## - ELEMENTOS ADICIONALES (KOHA)
Sistema de clasificación Dewey Decimal Classification
Tipo de ítem Libro
Existencias
Withdrawn status Lost status Sistema de Clasificación Damaged status No para préstamo Colección Inventariado Ubicación Permanente Ubicación actual Fecha de adquisición Fuente de Valor Valor Total Checkouts Número topográfico Inventario / Código de Barras Date last seen Ejemplar Price effective from Forma de adquisición Tipo de material
    Dewey Decimal Classification     General Inventariado 2017 Bogotá Bogotá 06/02/2015 Instituto 15000.00   LB-363.7063 S39f 038676 06/02/2015 Ej. 1 06/02/2015   Libro